000 00761 a2200289 4500
001 200466474
003 TR-AnTOB
005 20251210152103.0
008 041102s2004 tu tur
020 _a9751407273
040 _aTR-AnTOB
_beng
_erda
_cTR-AnTOB
041 _atur
050 _aPL248.K85
_bF8 2004
090 _aPL248.K85 F8 2004
100 _aKulin, Ayşe,
_d1941-
_9117132
245 0 _aFüreya /
_cAyşe Kulin.
250 _a63. bs.
264 1 _aİstanbul :
_bRemzi Kitabevi,
_c2004
300 _a348 p. :
_bill. ;
_c20 cm.
336 _atext
_btxt
_2rdacontent
337 _aunmediated
_bn
_2rdamedia
338 _avolume
_bnc
_2rdacarrier
500 _aIncludes bibliographies.
902 _a0003647
942 _cBK
_2lcc
999 _c200466474
_d84686